<?xml version="1.0" encoding="UTF-8"?>
<record
    xmlns:xsi="http://www.w3.org/2001/XMLSchema-instance"
    xsi:schemaLocation="http://www.loc.gov/MARC21/slim http://www.loc.gov/standards/marcxml/schema/MARC21slim.xsd"
    xmlns="http://www.loc.gov/MARC21/slim">

  <leader>01526cam a2200253 a 4500</leader>
  <controlfield tag="005">20250922082946.0</controlfield>
  <datafield tag="020" ind1=" " ind2=" ">
    <subfield code="a">9780195162073</subfield>
    <subfield code="c">TZS 138,780/=</subfield>
  </datafield>
  <datafield tag="040" ind1=" " ind2=" ">
    <subfield code="a">MCCL</subfield>
    <subfield code="b">eng.</subfield>
    <subfield code="e">AACR 2nd rev. ed.</subfield>
  </datafield>
  <datafield tag="082" ind1="0" ind2="0">
    <subfield code="a">658.4012 FIN</subfield>
  </datafield>
  <datafield tag="100" ind1="1" ind2=" ">
    <subfield code="a">Finkelstein, Sydney</subfield>
  </datafield>
  <datafield tag="245" ind1="1" ind2="0">
    <subfield code="a">Strategic leadership :</subfield>
    <subfield code="b">theory and research on executives, top management teams, and boards /</subfield>
    <subfield code="c">Sydney Finkelstein, Donald C. Hambrick, Albert A. Cannella, Jr.</subfield>
  </datafield>
  <datafield tag="260" ind1=" " ind2=" ">
    <subfield code="a">New York :</subfield>
    <subfield code="b">Oxford University Press,</subfield>
    <subfield code="c">c2009.</subfield>
  </datafield>
  <datafield tag="300" ind1=" " ind2=" ">
    <subfield code="a">xv, 463 p. :</subfield>
    <subfield code="b">ill. ;</subfield>
    <subfield code="c">25 cm.</subfield>
  </datafield>
  <datafield tag="504" ind1=" " ind2=" ">
    <subfield code="a">Includes bibliographical references and index.</subfield>
  </datafield>
  <datafield tag="520" ind1=" " ind2=" ">
    <subfield code="a">"This book integrates and assesses the vast and rapidly growing literature on strategic leadership, which is the study of top executives and their effects on organizations. Strategic Leadership synthesizes what is known about strategic leadership and indicates new research directions. The book is meant primarily for scholars who strive to assess and understand the phenomena of strategic leadership. It offers a considerable foundation on which professionals involved in executive search, compensation, appraisal, and staffing, as well as board members who evaluate executive performance and potential, might build their tools and perspectives."
</subfield>
  </datafield>
  <datafield tag="546" ind1=" " ind2=" ">
    <subfield code="a">eng.</subfield>
  </datafield>
  <datafield tag="650" ind1=" " ind2="0">
    <subfield code="a">Leadership.</subfield>
  </datafield>
  <datafield tag="650" ind1=" " ind2="0">
    <subfield code="a">Strategic planning.</subfield>
  </datafield>
  <datafield tag="650" ind1=" " ind2="0">
    <subfield code="a">Management.</subfield>
  </datafield>
  <datafield tag="700" ind1="1" ind2=" ">
    <subfield code="a">Hambrick, Donald C.</subfield>
  </datafield>
  <datafield tag="700" ind1="1" ind2=" ">
    <subfield code="a">Cannella Jr, Albert A.</subfield>
  </datafield>
  <datafield tag="856" ind1="4" ind2="1">
    <subfield code="u">http://www.loc.gov/catdir/toc/fy0903/2008016591.html</subfield>
  </datafield>
  <datafield tag="942" ind1=" " ind2=" ">
    <subfield code="c">BK</subfield>
  </datafield>
  <datafield tag="999" ind1=" " ind2=" ">
    <subfield code="c">11102</subfield>
    <subfield code="d">11102</subfield>
  </datafield>
  <datafield tag="952" ind1=" " ind2=" ">
    <subfield code="0">0</subfield>
    <subfield code="1">0</subfield>
    <subfield code="4">0</subfield>
    <subfield code="7">0</subfield>
    <subfield code="a">MU002</subfield>
    <subfield code="b">MU002</subfield>
    <subfield code="d">2017-01-01</subfield>
    <subfield code="l">0</subfield>
    <subfield code="o">658.4012 FIN</subfield>
    <subfield code="p">004762</subfield>
    <subfield code="r">2025-09-22 08:35:18</subfield>
    <subfield code="t">1</subfield>
    <subfield code="w">2025-09-22</subfield>
    <subfield code="y">BK</subfield>
  </datafield>
  <datafield tag="952" ind1=" " ind2=" ">
    <subfield code="0">0</subfield>
    <subfield code="1">0</subfield>
    <subfield code="4">0</subfield>
    <subfield code="7">0</subfield>
    <subfield code="a">MU002</subfield>
    <subfield code="b">MU002</subfield>
    <subfield code="d">2017-01-01</subfield>
    <subfield code="l">0</subfield>
    <subfield code="o">658.4012 FIN</subfield>
    <subfield code="p">004763</subfield>
    <subfield code="r">2025-09-22 08:35:18</subfield>
    <subfield code="t">2</subfield>
    <subfield code="w">2025-09-22</subfield>
    <subfield code="y">BK</subfield>
  </datafield>
  <datafield tag="952" ind1=" " ind2=" ">
    <subfield code="0">0</subfield>
    <subfield code="1">0</subfield>
    <subfield code="4">0</subfield>
    <subfield code="7">0</subfield>
    <subfield code="a">MU002</subfield>
    <subfield code="b">MU002</subfield>
    <subfield code="d">2017-01-01</subfield>
    <subfield code="l">0</subfield>
    <subfield code="o">658.4012 FIN</subfield>
    <subfield code="p">004764</subfield>
    <subfield code="r">2025-09-22 08:35:18</subfield>
    <subfield code="t">3</subfield>
    <subfield code="w">2025-09-22</subfield>
    <subfield code="y">BK</subfield>
  </datafield>
  <datafield tag="952" ind1=" " ind2=" ">
    <subfield code="0">0</subfield>
    <subfield code="1">0</subfield>
    <subfield code="4">0</subfield>
    <subfield code="7">0</subfield>
    <subfield code="a">MU002</subfield>
    <subfield code="b">MU002</subfield>
    <subfield code="d">2017-01-01</subfield>
    <subfield code="l">0</subfield>
    <subfield code="o">658.4012 FIN</subfield>
    <subfield code="p">004765</subfield>
    <subfield code="r">2025-09-22 08:35:18</subfield>
    <subfield code="t">4</subfield>
    <subfield code="w">2025-09-22</subfield>
    <subfield code="y">BK</subfield>
  </datafield>
  <datafield tag="952" ind1=" " ind2=" ">
    <subfield code="0">0</subfield>
    <subfield code="1">0</subfield>
    <subfield code="4">0</subfield>
    <subfield code="7">0</subfield>
    <subfield code="a">MU002</subfield>
    <subfield code="b">MU002</subfield>
    <subfield code="d">2017-01-01</subfield>
    <subfield code="l">0</subfield>
    <subfield code="o">658.4012 FIN</subfield>
    <subfield code="p">004766</subfield>
    <subfield code="r">2025-09-22 08:35:18</subfield>
    <subfield code="t">5</subfield>
    <subfield code="w">2025-09-22</subfield>
    <subfield code="y">BK</subfield>
  </datafield>
</record>
